| 000 | 00687nam a2200217 i 4500 | ||
|---|---|---|---|
| 001 | bg | ||
| 245 | 0 | 0 |
_aPorady serwisowe OTVC Sony i Philips / _c[zebrał i oprac. zespół red. "Serwisu Elektroniki"]. |
| 260 |
_aGdańsk : _bWiesław Haligowski, _c2003. |
||
| 300 |
_a374 s. : _bil. ; _c24 cm. |
||
| 650 | 9 |
_aTelewizja kolorowa _xurządzenia |
|
| 650 | 9 | _aTelewizory | |
| 655 | _aPoradniki | ||
| 020 | _a8391905926 | ||
| 040 | _cBPK | ||
| 041 | 0 | _apol | |
| 080 | _a621.397.132:621.397.4](083.1) | ||
| 920 | _a83-919059-2-6 | ||
| 942 | _cKS | ||
| 008 | s pl f |000 0 pol | ||
| 999 |
_c44405 _d44405 |
||
| 856 |
_uhttp://koha.tu.koszalin.pl/cgi-bin/koha/opac-detail.pl?biblionumber=44405 _yKatalog online BPK |
||